[Event "New Delhi Parsvnath op-C 16th"]
[Site "New Delhi"]
[Date "2018.01.14"]
[Round "5"]
[White "Aryan, Arora"]
[Black "Gaurav, Sharma"]
[Result "1/2-1/2"]
[WhiteElo "1479"]
[BlackElo "1553"]
[PlyCount "76"]
[EventDate "2018.01.09"]
[EventType "swiss"]
[EventRounds "10"]
[EventCountry "IND"]
[SourceTitle "CBM 182 Extra"]
[Source "ChessBase"]
[SourceDate "2018.02.23"]
[SourceVersion "1"]
[SourceVersionDate "2018.02.23"]
[SourceQuality "1"]

1. e4 Nf6 2. Nc3 g6 3. Bc4 Bg7 4. d3 0-0 5. f4 Nc6 6. Nf3 d6 7. 0-0 Bg4 8. Be3 e5 9. h3 exf4 10. Bxf4 Bxf3 11. Qxf3 Ne5 12. Bxe5 dxe5 13. Nd5 Nxd5 14. Bxd5 Qe7 15. Bxb7 Rab8 16. Bd5 Rxb2 17. Bb3 Bh6 18. Qf6 Bg5 19. Qxe7 Bxe7 20. Rf3 Kg7 21. Raf1 Bc5+ 22. Kh2 f6 23. g4 h6 24. h4 Bd6 25. Kg2 a5 26. a4 Rb8 27. Kg3 Rf8 28. Kg2 Rb8 29. Kg3 R2xb3 30. cxb3 Rxb3 31. Rxf6 Rxd3+ 32. R1f3 Rd4 33. Rf7+ Kg8 34. Rd7 Rxe4 35. Rd8+ Kg7 36. Rd7+ Kg8 37. Rd8+ Kg7 38. Rd7+ Kg8 1/2-1/2